An introduction to probability and statistics : (Record no. 166351)

MARC details
000 -LEADER
fixed length control field 00673nam a22001817a 4500
005 - DATE AND TIME OF LATEST TRANSACTION
control field 20190722123909.0
010 ## - LCCN (DPL NO)
LC control number ENG-126028
020 ## - INTERNATIONAL STANDARD BOOK NUMBER
International Standard Book Number 9788178442556
Terms of availability 495.00
035 ## - SYSTEM CONTROL NUMBER
System control number EN-109560
037 ## - SOURCE OF ACQUISITION
Source of stock number/acquisition DBAD/PUB
082 ## - DEWEY DECIMAL CLASSIFICATION NUMBER
Classification number 519.2
100 ## - MAIN ENTRY--PERSONAL NAME
Personal name Kaushik, Arun
245 ## - TITLE STATEMENT
Title An introduction to probability and statistics :
Statement of responsibility, etc by Arun Kaushik [and] Rajwant K. Singh
Remainder of title book for undergraduate and graduate students /
260 ## - PUBLICATION, DISTRIBUTION, ETC. (IMPRINT)
Place of publication, distribution, etc New Delhi
Name of publisher, distributor, etc R.K. Pulblications
Date of publication, distribution, etc 2018
270 ## - ADDRESS
Address 4806/24, Bharat Ram Road, Darya Ganj
City New Delhi
Postal code 110002
Telephone number 011-23285167, 65185557
Electronic mail address info@kkpublications.com
300 ## - PHYSICAL DESCRIPTION
Extent viii,155p.
Dimensions 24cm(Hb)
942 ## - ADDED ENTRY ELEMENTS (KOHA)
Source of classification or shelving scheme Dewey Decimal Classification
Item type English Books
Classification part 519.2
Call number suffix KAU
Holdings
Withdrawn status Lost status Not for loan Collection code Home library Current library Date acquired Source of acquisition Cost, normal purchase price Full call number Barcode Copy number Cost, replacement price Koha item type
      Non-fiction Andrews Gunj Andrews Gunj 22/07/2019 DBAD/PUB 495.00 519.2 KAU EN-109560 1 495.00 English Books

© Delhi Public Library
Hit Counter
free hit counter